Alpy - państwa - Statystyki

Ogólne statystyki
  • Ten quiz został rozwiązany 134 razy
  • Średni wynik to 7 z 8
Statystyki odpowiedzi
Odpowiedź % Poprawnych
6 Francja
99%
2 Szwajcaria
99%
1 Austria
97%
4 Niemcy
97%
5 Włochy
96%
3 Liechtenstein
94%
7 Słowenia
87%
8 Węgry
60%
Nie znaleziono quizów pasujących do podanych kryteriów
Rozkład punktacji
Procent ludzi z każdym wynikiem
Percentyl według liczby udzielonych odpowiedzi
Twoja historia wyników
Nie rozwiązałeś tego quizu